MCU phase 5 - Statistics

General Stats
  • This quiz has been taken 9 times
  • The average score is 7 of 15
Answer Stats
Answer % Correct
Captain America: BraveNew World
86%
Thunderbolts*
86%
Ant-Man and the WaspQuantumania
71%
Loki
71%
The Marvels
71%
Deadpool & Wolverine
57%
Guardians of the GalaxyVol. 3
57%
What If...?
57%
Ironheart
43%
Secret Invasion
43%
Agatha All Along
29%
Echo
29%
Daredevil: Born Again
14%
I Am Groot
14%
Your Friendly Neighbourhood Spider-Man
0%
No matching quizzes found
Score Distribution
Percent of People with Each Score
Percentile by Number Answered
Your Score History
You have not taken this quiz